Malaysia 2011/ 2012.
| Corporate Author: | |
|---|---|
| Format: | Book |
| Published: |
Putrajaya:
Department of Information Malaysia,
2012.
|
| Subjects: |
| LEADER | 00530cam a2200169 7i4500 | ||
|---|---|---|---|
| 001 | 0000030489 | ||
| 005 | 20131028090000.0 | ||
| 022 | 0 | 0 | |a 01266098 |
| 090 | 0 | 0 | |a M 959.5 |b DEP |
| 110 | 2 | 0 | |a Department of Information Malaysia |
| 245 | 2 | 0 | |a Malaysia 2011/ 2012. |
| 260 | 0 | 0 | |a Putrajaya: |b Department of Information Malaysia, |c 2012. |
| 300 | # | # | |a 391 p. |
| 650 | 0 | 0 | |a Malaysia -- |x Periodicals |
| 651 | 0 | 0 | |a Malaysia |
| 999 | |a 0000032546 |b Book |c Malaysia |e Business Information Centre | ||
| 999 | |a 0000032545 |b Book |c Malaysia |e Business Information Centre | ||